| 000 | 00330 a2200133 4500 | ||
|---|---|---|---|
| 999 |
_c325362 _d325362 |
||
| 001 | 90289 | ||
| 003 | NUST | ||
| 082 | _a891.4393 HAQ | ||
| 100 |
_aHaqqui Haq _99816 |
||
| 245 |
_aZawalay Asar' Koofa aor Gadagar _hUrdu |
||
| 260 |
_aLahore _bShafiq Publications _c2011 |
||
| 300 | _a369p. | ||
| 500 | _aGeneral Books | ||
| 942 |
_aCAE NUST _cBK _k891.4393 HAQ _2ddc |
||